| 000 | 01551nam0a2200373 4500 | ||
|---|---|---|---|
| 001 | RU\NLR\bibl\168774 | ||
| 005 | 20250618055727.0 | ||
| 010 |
_a5-86784-051-8 _9500 |
||
| 021 |
_aRU _b2000-52939 _92446 |
||
| 035 | _a(NLR Aleph) 000165579 | ||
| 090 |
_a953128 _c953128 |
||
| 100 | _a20010302d2000 |||y0rusy50 ca | ||
| 101 | 0 | _arus | |
| 102 | _aRU | ||
| 105 | _aa ||||||||| | ||
| 200 | 1 |
_aОценочная деятельность и формирование профессиональной направленности личности студента _fВ.И. Жернов, И.С. Ломакина _gМ-во образования Рос. Федерации, Магнитог. гос. ун-т |
|
| 210 |
_aМагнитогорск _cИзд-во Магнитог. гос. ун-та _d2000 |
||
| 215 |
_a115 с. _cил. _d20 |
||
| 320 | _aБиблиогр.: с. 105-115 (174 назв.) | ||
| 606 | 0 |
_aСтуденты _xОриентации ценностные _91856567 _3RU\NLR\auth\66841708 |
|
| 610 | 0 | _aЦенностные ориентации | |
| 610 | 0 | _aСтуденты - Познавательные интересы | |
| 675 |
_a378.04 _v3 _zrus |
||
| 686 |
_a14.35 _2rugasnti |
||
| 686 |
_a74.58 _2rubbk |
||
| 686 | _aС550.55 | ||
| 700 | 1 |
_aЖернов _gВасилий Иванович _4070 |
|
| 701 | 1 |
_aЛомакина _gИрина Сергеевна _4070 |
|
| 801 | 0 |
_aRU _bRKP _c20010302 _gPSBO |
|
| 801 | 1 |
_aRU _bRKP _c20010302 |
|
| 801 | 2 |
_aRU _bNLR _c20010807 _grcr |
|
| 942 | _cBOOK | ||
| 980 | _aNB | ||